[Event "Sant Boi Chalmeta Memorial op 28th"]
[Site "Sant Boi de Llobregat"]
[Date "2016.06.17"]
[Round "9"]
[White "Gaona Gonzalez, Gerard"]
[Black "Martinez Liria, Pedro"]
[Result "1-0"]
[WhiteElo "1964"]
[BlackElo "1982"]
[PlyCount "71"]
[EventDate "2016.04.22"]
[EventType "swiss"]
[EventRounds "9"]
[EventCountry "ESP"]
[SourceTitle "EXT 2017"]
[Source "ChessBase"]
[SourceDate "2016.10.25"]
[SourceVersion "1"]
[SourceVersionDate "2016.10.25"]
[SourceQuality "1"]

1. Nf3 Nf6 2. d3 d6 3. e4 e5 4. g3 Bg4 5. h3 Bd7 6. Bg2 c6 7. 0-0 h6 8. Qe2 Qc7 9. Nbd2 c5 10. c3 Nc6 11. Nc4 b5 12. Ne3 Rd8 13. Nd5 Nxd5 14. exd5 Ne7 15. c4 g6 16. Nh4 g5 17. Nf3 Bg7 18. Nh2 Nf5 19. Qh5 Kf8 20. Be4 a6 21. Bd2 Qc8 22. Kg2 f6 23. f4 exf4 24. gxf4 Nh4+ 25. Kh1 Bxh3 26. Rf2 Kg8 27. Rg1 Rf8 28. Nf3 Nxf3 29. Rxf3 g4 30. Bf5 Qe8 31. Be6+ Rf7 32. Re3 Kf8 33. Bxg4 Re7 34. Qxe8+ Kxe8 35. Rxe7+ Kxe7 36. Bxh3 1-0

[Event "Sant Boi Chalmeta Memorial op 28th"]
[Site "Sant Boi de Llobregat"]
[Date "2016.06.10"]
[Round "8"]
[White "Martinez Liria, Pedro"]
[Black "Garcia Ruiz, Adrian"]
[Result "1/2-1/2"]
[WhiteElo "1982"]
[BlackElo "1889"]
[PlyCount "30"]
[EventDate "2016.04.22"]
[EventType "swiss"]
[EventRounds "9"]
[EventCountry "ESP"]
[SourceTitle "EXT 2017"]
[Source "ChessBase"]
[SourceDate "2016.10.25"]
[SourceVersion "1"]
[SourceVersionDate "2016.10.25"]
[SourceQuality "1"]

1. d4 Nf6 2. Nf3 g6 3. e3 Bg7 4. Be2 0-0 5. 0-0 d6 6. Nbd2 Nbd7 7. c4 c6 8. b4 Qc7 9. Bb2 e5 10. Qc2 Re8 11. dxe5 Nxe5 12. Nxe5 dxe5 13. e4 a5 14. a3 h6 15. c5 axb4 1/2-1/2

[Event "Sant Boi Chalmeta Memorial op 28th"]
[Site "Sant Boi de Llobregat"]
[Date "2016.05.06"]
[Round "3"]
[White "Plazas Pinar, Miquel"]
[Black "Martinez Liria, Pedro"]
[Result "1-0"]
[WhiteElo "1793"]
[BlackElo "1982"]
[PlyCount "65"]
[EventDate "2016.04.22"]
[EventType "swiss"]
[EventRounds "9"]
[EventCountry "ESP"]
[SourceTitle "EXT 2017"]
[Source "ChessBase"]
[SourceDate "2016.10.25"]
[SourceVersion "1"]
[SourceVersionDate "2016.10.25"]
[SourceQuality "1"]

1. e4 e6 2. d4 d5 3. Nc3 Nf6 4. Bg5 Be7 5. e5 Nfd7 6. h4 a6 7. Qg4 Kf8 8. f4 c5 9. dxc5 Nxc5 10. 0-0-0 Nc6 11. Bxe7+ Qxe7 12. Bd3 Bd7 13. Nf3 Nb4 14. Kb1 Ncxd3 15. cxd3 Nc6 16. h5 b5 17. Nh4 Nd4 18. Rde1 Rb8 19. Qh3 b4 20. Ne2 Nxe2 21. Rxe2 g5 22. hxg6 fxg6 23. Nf3 Rb7 24. Ng5 h5 25. g4 Rg8 26. gxh5 Rh8 27. h6 a5 28. h7 Rb6 29. Rc2 Ke8 30. Qh6 Rc6 31. Qxg6+ Kd8 32. Nf7+ Kc7 33. Rxc6+ 1-0